Statistics for Are you as smart as a 2nd grader?

Click here to take the quiz!

General Stats

  • This quiz has been taken 153 times
  • The average score is 11 of 15

Answer Stats

HintAnswer% Correct
2x12
100%
3x412
94%
1x55
94%
2x1122
85%
3x824
85%
3x00
84%
5x315
84%
4x728
83%
10x440
78%
6x742
75%
20x240
74%
9x763
57%
8x864
56%
4x624
51%
3x1236
46%

Score Distribution

Percentile by Number Answered

Percent of People with Each Score

Your Score History

You have not taken this quiz